| 000 -LEADER |
| fixed length control field |
00713nam a2200241Ia 4500 |
| 001 - CONTROL NUMBER |
| control field |
3294 |
| 003 - CONTROL NUMBER IDENTIFIER |
| control field |
GE_BSU |
| 008 - FIXED-LENGTH DATA ELEMENTS--GENERAL INFORMATION |
| fixed length control field |
181216s||||||||xx |||||||||||||| ||und|| |
| 040 ## - CATALOGING SOURCE |
| Transcribing agency |
GE_BSU |
| 080 ## - UNIVERSAL DECIMAL CLASSIFICATION NUMBER |
| Universal Decimal Classification number |
621.01(075.8) |
| 100 ## - MAIN ENTRY--PERSONAL NAME |
| Personal name |
Кореняко,А.С. |
| 245 ## - TITLE STATEMENT |
| Title |
Теория механизмов и машин. |
| 245 ## - TITLE STATEMENT |
| Remainder of title |
Учебник. |
| 245 ## - TITLE STATEMENT |
| Statement of responsibility, etc. |
Ред. Р.С. Деловая |
| 250 ## - EDITION STATEMENT |
| Edition statement |
Изд. 3-е, перераб. и дополн. |
| 260 ## - PUBLICATION, DISTRIBUTION, ETC. |
| Place of publication, distribution, etc. |
Киев. |
| 260 ## - PUBLICATION, DISTRIBUTION, ETC. |
| Name of publisher, distributor, etc. |
Вища школа. |
| 260 ## - PUBLICATION, DISTRIBUTION, ETC. |
| Date of publication, distribution, etc. |
1976. |
| 300 ## - PHYSICAL DESCRIPTION |
| Extent |
444 с. 22 см. с илл. Библигр.:стр.438. |
| 300 ## - PHYSICAL DESCRIPTION |
| Accompanying material |
табл. 1. |
| 653 ## - INDEX TERM--UNCONTROLLED |
| Uncontrolled term |
Теория механизмов и машин. |
| 942 ## - ADDED ENTRY ELEMENTS (KOHA) |
| Koha item type |
წიგნი |